<?xml version="1.0" encoding="UTF-8"?>
<record
    xmlns:xsi="http://www.w3.org/2001/XMLSchema-instance"
    xsi:schemaLocation="http://www.loc.gov/MARC21/slim http://www.loc.gov/standards/marcxml/schema/MARC21slim.xsd"
    xmlns="http://www.loc.gov/MARC21/slim">

  <leader>01643nam a22002777a 4500</leader>
  <controlfield tag="005">20120112143825.0</controlfield>
  <controlfield tag="008">120112t        xxu||||| |||| 00| 0 mar d</controlfield>
  <datafield tag="010" ind1=" " ind2=" ">
    <subfield code="a">MAR-22129</subfield>
  </datafield>
  <datafield tag="020" ind1=" " ind2=" ">
    <subfield code="c">100.00</subfield>
    <subfield code="a">9788177865349</subfield>
  </datafield>
  <datafield tag="035" ind1=" " ind2=" ">
    <subfield code="a">MR-14787</subfield>
  </datafield>
  <datafield tag="037" ind1=" " ind2=" ">
    <subfield code="b">DBAD/PUB</subfield>
  </datafield>
  <datafield tag="040" ind1=" " ind2=" ">
    <subfield code="a">DPL</subfield>
    <subfield code="b">MR</subfield>
  </datafield>
  <datafield tag="082" ind1=" " ind2=" ">
    <subfield code="a">158.1</subfield>
  </datafield>
  <datafield tag="100" ind1=" " ind2=" ">
    <subfield code="9">39079</subfield>
    <subfield code="a">&#x92C;&#x924;&#x94D;&#x930;&#x93E;, &#x92A;&#x94D;&#x930;&#x92E;&#x94B;&#x926;</subfield>
  </datafield>
  <datafield tag="245" ind1=" " ind2=" ">
    <subfield code="a">601 &#x91C;&#x93E;&#x926;&#x941;&#x908; &#x935;&#x93F;&#x91A;&#x93E;&#x930; :</subfield>
    <subfield code="c">&#x92A;&#x94D;&#x930;&#x92E;&#x94B;&#x926; &#x92C;&#x924;&#x94D;&#x930;&#x93E; [&#x924;&#x925;&#x93E;] &#x935;&#x93F;&#x91C;&#x92F; &#x92C;&#x924;&#x94D;&#x930;&#x93E; ; &#x938;&#x93E;&#x930;&#x902;&#x917; &#x91F;&#x93E;&#x915;&#x933;&#x915;&#x930; &#x926;&#x94D;&#x935;&#x93E;&#x930;&#x93E; &#x905;&#x928;&#x941;&#x935;&#x93E;&#x926;&#x93F;&#x924;</subfield>
    <subfield code="b">&#x938;&#x92B;&#x932; &#x935;&#x94D;&#x92F;&#x915;&#x94D;&#x924;&#x94D;&#x924;&#x93F;&#x92E;&#x924;&#x94D;&#x935;&#x93E;&#x938;&#x93E;&#x920;&#x940; &#x92F;&#x936;,&#x909;&#x924;&#x94D;&#x915;&#x930;&#x94D;&#x937; &#x906;&#x923;&#x93F; &#x938;&#x902;&#x92A;&#x924;&#x94D;&#x924;&#x940; &#x935;&#x93E;&#x922;&#x935;&#x93F;&#x923;&#x94D;&#x92F;&#x93E;&#x938;&#x93E;&#x920;&#x940; /</subfield>
  </datafield>
  <datafield tag="246" ind1=" " ind2=" ">
    <subfield code="a">601 Jadui Vichar : Safal Vyaktimatavasathi Yash,Utkarsh Aani Sampati Wadvinayasathi</subfield>
    <subfield code="b">by Pramod Batra and Vijay Batra</subfield>
  </datafield>
  <datafield tag="260" ind1=" " ind2=" ">
    <subfield code="a">&#x914;&#x930;&#x902;&#x917;&#x93E;&#x92C;&#x93E;&#x926;</subfield>
    <subfield code="b">&#x938;&#x93E;&#x915;&#x947;&#x924; &#x92A;&#x94D;&#x930;&#x915;&#x93E;&#x936;&#x928;</subfield>
    <subfield code="c">2012</subfield>
  </datafield>
  <datafield tag="270" ind1=" " ind2=" ">
    <subfield code="a">115,&#x92E;. &#x917;&#x93E;&#x902;&#x927;&#x940;&#x928;&#x917;&#x930;,&#x938;&#x94D;&#x91F;&#x947;&#x936;&#x928; &#x930;&#x94B;&#x921;,</subfield>
    <subfield code="b">&#x914;&#x930;&#x902;&#x917;&#x93E;&#x92C;&#x93E;&#x926;</subfield>
    <subfield code="e">431005</subfield>
  </datafield>
  <datafield tag="300" ind1=" " ind2=" ">
    <subfield code="a">144&#x92A;&#x943;</subfield>
    <subfield code="c">21&#x938;&#x947;&#x92E;&#x940;(&#x905;&#x91C;&#x93F;&#x932;&#x94D;&#x926;)</subfield>
  </datafield>
  <datafield tag="650" ind1=" " ind2=" ">
    <subfield code="a">&#x935;&#x94D;&#x92F;&#x915;&#x94D;&#x924;&#x94D;&#x924;&#x93F;&#x92E;&#x924;&#x94D;&#x935; &#x935;&#x93F;&#x915;&#x93E;&#x938;</subfield>
    <subfield code="9">47543</subfield>
  </datafield>
  <datafield tag="650" ind1=" " ind2=" ">
    <subfield code="a">Personality Development</subfield>
    <subfield code="9">47544</subfield>
  </datafield>
  <datafield tag="700" ind1=" " ind2=" ">
    <subfield code="a">&#x92C;&#x924;&#x94D;&#x930;&#x93E;, &#x935;&#x93F;&#x91C;&#x92F;  </subfield>
    <subfield code="9">47545</subfield>
  </datafield>
  <datafield tag="700" ind1=" " ind2=" ">
    <subfield code="a">&#x91F;&#x93E;&#x915;&#x933;&#x915;&#x930;, &#x938;&#x93E;&#x930;&#x902;&#x917;</subfield>
    <subfield code="9">47546</subfield>
  </datafield>
  <datafield tag="942" ind1=" " ind2=" ">
    <subfield code="2">ddc</subfield>
    <subfield code="c">MR</subfield>
    <subfield code="m">&#x92C;&#x924;&#x94D;&#x930;&#x93E;&#x92A;&#x94D;&#x930;</subfield>
    <subfield code="h">158.1</subfield>
  </datafield>
  <datafield tag="999" ind1=" " ind2=" ">
    <subfield code="c">66938</subfield>
    <subfield code="d">66938</subfield>
  </datafield>
  <datafield tag="952" ind1=" " ind2=" ">
    <subfield code="0">0</subfield>
    <subfield code="1">0</subfield>
    <subfield code="2">ddc</subfield>
    <subfield code="4">0</subfield>
    <subfield code="7">1</subfield>
    <subfield code="8">NFIC</subfield>
    <subfield code="a">DBAD</subfield>
    <subfield code="b">DBAD</subfield>
    <subfield code="d">2012-05-21</subfield>
    <subfield code="e">DBAD / PUB</subfield>
    <subfield code="g">100.00</subfield>
    <subfield code="l">0</subfield>
    <subfield code="o">158.1 &#x92C;&#x924;&#x94D;&#x930;&#x93E;&#x92A;&#x94D;&#x930;</subfield>
    <subfield code="p">MR-14787</subfield>
    <subfield code="r">2012-05-21 00:00:00</subfield>
    <subfield code="t">1</subfield>
    <subfield code="v">100.00</subfield>
    <subfield code="w">2012-05-21</subfield>
    <subfield code="y">MR</subfield>
  </datafield>
</record>
